00445nam a2200157Ia 4500008004100000020001400041082001600055100001900071245002700090250000700117260004500124300002800169500001900197600002100216650005000237240925s9999 xx 000 0 und d a131315099 a005.133 PLA aPlauger ,P. J. 4aThe Standard C Library aNA aNew Jersey:bPrintice- Hall Int.c,1992. axiv,498p.bNAfOriginal aIncludes Index aComputer Science aComputer science, information & general works